| 000 | 00915nam a22001817a 4500 | ||
|---|---|---|---|
| 005 | 20120410150536.0 | ||
| 020 |
_c250.00 _a8173413037 |
||
| 035 | _aB-90872 | ||
| 037 |
_b _adpl |
||
| 082 | _a338.9 | ||
| 100 |
_aद्विवेदेी, सरोज कुमार अमन _944926 |
||
| 245 | 1 |
_aवैश्वीकरणः चुनौतियाँ और अवसर / _cसरोज कुमार द्विवेदेी अमन |
|
| 260 |
_aदिल्ली _bइंडियन पब्लिशर्स डिस्ट्री. _c2003 |
||
| 270 |
_a _b _e _k |
||
| 300 |
_a282पृ. _c22सेमी (सजिल्द) |
||
| 942 |
_adpl _cHN _k _2ddc _h338.9 _mद्विवेदेी |
||
| 999 |
_c64817 _d64817 |
||